Managing labor migration in the twenty-first century

Αποθηκεύτηκε σε:
Λεπτομέρειες βιβλιογραφικής εγγραφής
Κύριος συγγραφέας: Martin, Philip L. 1949-
Άλλοι συγγραφείς: Abella, Manolo I., Kuptsch, Christiane
Μορφή: Βιβλίο
Γλώσσα:English
Δημοσίευση: New Haven : Yale University Press, c2006
Σειρά:Global management series
Θέματα:
Ετικέτες: Προσθήκη ετικέτας
Δεν υπάρχουν, Καταχωρήστε ετικέτα πρώτοι!

MARC

LEADER 00000nam a2200000 i 4500
001 1/47257
008 070702s2006 eng d
020 |a 978-0-300-10904-7 (hbk.) 
020 |a 0-300-10904-0 (hbk.) 
035 |l 10088593 
040 |a GR-MY-UA  |b gre  |e aacr 
041 0 |a eng 
082 0 |a 331.62  |2 (22) 
100 1 |a Martin, Philip L.  |d 1949- 
245 1 0 |a Managing labor migration in the twenty-first century /  |c Philip Martin, Manolo Abella, and Christiane Kuptsch 
260 |a New Haven :   |b Yale University Press,   |c c2006 
300 |a xiv, 226 σ.;  |b εικ.;  |c 24 εκ. 
490 1 |a Global management series 
504 |a Περιέχει βιβλιογραφία (σ. 209-215) και ευρετήριο 
650 0 0 |a Alien labor. 
650 0 0 |a Alien labor  |x Government policy. 
700 1 |a Abella, Manolo I. 
700 1 |a Kuptsch, Christiane. 
830 0 |a Global management series 
852 |a INST  |b LESVOS  |e 20070702  |h 331.62 MAR  |p 005100037977  |q 005100037977  |t BK  |y 0 
901 |a BIBL1-2007-2 
909 |a Λ  |b 135431 
922 |a 1ΕΛΗ  |b 200706  |c ΕΠΕΑΕΚ2/ΤΓ  |d ΠΑΠΑΣΩΤΗΡΙΟΥ 
970 |a ΚΑΡΑ  |b ΓΙΑΣΕΜΗ  |z 2007/07/02